| 000 | 00620nam a2200241Ia 4500 | ||
|---|---|---|---|
| 003 | BUBTL | ||
| 008 | 151213s9999 xx 000 0 und d | ||
| 020 | _a9780230224926 | ||
| 041 | _aEnglish | ||
| 082 | _a339/ M3148m/ 2007 | ||
| 100 |
_a Mankiw, N. Gregory _95428 |
||
| 245 |
_aMacroeconomics/ _cN. Gregory Mankiw |
||
| 250 | _a6th ed. | ||
| 260 |
_aNew York : _bWorth Publishers, _cc2007. |
||
| 300 |
_axxxvi,578 p. : _c24 cm. |
||
| 526 | _aEconomics | ||
| 650 | _aEconomics | ||
| 650 | _aEconomics | ||
| 760 | _b6th | ||
| 856 |
_k0 _l0 _yDownload |
||
| 942 |
_2ddc _cBK |
||
| 999 |
_c4900 _d4900 |
||